000 00524ntaaa2200205 4500
003 01
005 20251027202829.0
008 0714s1973 ag 01
040 _aAR-BaBN
_bspa
_cAR-BaBN
_eaacr
_dRIC
082 _a922.0000 C54
100 _aClark, W. Thorburn
245 _aTrophies for the king
250 _a1 ed.
260 _aRichmond,VA. :
_bWoman's Missionary Union of Virginia,
_c1936
300 _a155 p
650 _amisiones-Africa
650 _abiografĂ­as
_911246
650 _aAfrica-misiones
942 _cBK
999 _c23698
_d23698